Chemistry of natural products (Record no. 1209605)

MARC details
000 -LEADER
fixed length control field 01046nam a2200301Ia 4500
003 - CONTROL NUMBER IDENTIFIER
control field OSt
005 - DATE AND TIME OF LATEST TRANSACTION
control field 20221007121947.0
008 - FIXED-LENGTH DATA ELEMENTS--GENERAL INFORMATION
fixed length control field 221006b |||||||| |||| 00| 0 eng d
020 ## - INTERNATIONAL STANDARD BOOK NUMBER
International Standard Book Number 8173194815 (hbd)
037 ## - SOURCE OF ACQUISITION
Terms of availability Textual
040 ## - CATALOGING SOURCE
Original cataloging agency BDL
Transcribing agency BDL
Language of cataloging eng
041 ## - LANGUAGE CODE
Source of code eng
Language code of text/sound track or separate title eng
100 ## - MAIN ENTRY--PERSONAL NAME
Personal name Bhat Sujata V
9 (RLIN) 713206
245 #0 - TITLE STATEMENT
Title Chemistry of natural products
Remainder of title Nagasampagi Bhimsen A Sivakumar Meenakshi
260 ## - PUBLICATION, DISTRIBUTION, ETC.
Place of publication, distribution, etc. New
Name of publisher, distributor, etc. Delhi Narosa Publishing House
Date of publication, distribution, etc. 2005
300 ## - PHYSICAL DESCRIPTION
Extent xxxi,840p.
Dimensions cm.
500 ## - GENERAL NOTE
General note Appendix 1, 797-821p.; Index 822-840p.
650 ## - SUBJECT ADDED ENTRY--TOPICAL TERM
Topical term or geographic name entry element Natural products
9 (RLIN) 711396
650 ## - SUBJECT ADDED ENTRY--TOPICAL TERM
Topical term or geographic name entry element Chemistry
700 ## - ADDED ENTRY--PERSONAL NAME
Personal name Nagasampagi Bhimsen A
9 (RLIN) 713207
700 ## - ADDED ENTRY--PERSONAL NAME
Personal name Sivakumar Meenakshi
9 (RLIN) 713208
942 ## - ADDED ENTRY ELEMENTS (KOHA)
Classification part E9, P5 Carb
Koha item type Textual
Source of classification or shelving scheme Colon Classification (CC)
Holdings
Withdrawn status Lost status Source of classification or shelving scheme Damaged status Not for loan Home library Current library Date acquired Source of acquisition Cost, normal purchase price Total Checkouts Full call number Barcode Date last seen Cost, replacement price Price effective from Koha item type
    Colon Classification (CC)     Department of Botany Library Department of Botany Library 2022-10-07 153/2004-2005, 10/03/2005, Apple Books 1500.00   E9 P5 Carb BD0005034 2022-10-07 1500.00 2022-10-07 Textual
Copyright @ Delhi University Library System